Fourth European marine biology symposium / (Record no. 24675)

MARC details
000 -LEADER
fixed length control field 00781nam a2200241Ia 4500
008 - FIXED-LENGTH DATA ELEMENTS--GENERAL INFORMATION
fixed length control field 210303s9999 xx 000 0 und d
016 ## - NATIONAL BIBLIOGRAPHIC AGENCY CONTROL NUMBER
Source reto2022b
040 ## - CATALOGING SOURCE
Original cataloging agency NLN
Language of cataloging English
Description conventions AACR2
100 ## - MAIN ENTRY--AUTHOR
Author BANGOR, Wales
Dates associated with a name 1969
Relator term aut
245 #0 - TITLE STATEMENT
Title Fourth European marine biology symposium /
Statement of responsibility, etc Wales Bangor and edited by D. J. Crisp
260 ## - PUBLICATION, DISTRIBUTION, ETC. (IMPRINT)
Place of publication Cambridge Eng. :
Name of publisher University Press,
Date of publication 1971
300 ## - COLLATION
Pagination ix, 599p. :
Other physical details ill. ; 24cm.
500 ## - GENERAL NOTE
General note Includes bibliographical references
563 ## - BINDING INFORMATION
Binding note (pbk)
650 ## - TRACINGS
Main Subject Marine biology
Subdivision (1st) Congresses
650 ## - TRACINGS
Main Subject Larvae
Subdivision (1st) Congresses
650 ## - TRACINGS
Main Subject Underwater light
Subdivision (1st) Congresses
700 ## - ADDITIONAL AUTHOR
Additional Author <a href="Crisp, D. J. ">Crisp, D. J. </a>
Relator term edt
942 ## - ADDED ENTRY ELEMENTS (KOHA)
Item type Books
Suppress in OPAC No
050 ## - LIBRARY OF CONGRESS CALL NUMBER
Classification number QH91.A3
Item number B216
082 ## - DEWEY DECIMAL CLASSIFICATION NUMBER
Classification number 574.92
Holdings
Withdrawn status Lost status Source of classification or shelving scheme Damaged status Not for loan Home library Current library Date acquired Total Checkouts Full call number Barcode. Date last seen Price effective from Koha item type
    Library of Congress Classification     LAGOS BRANCH National Library of Nigeria 04/03/2021   QH91.A3 B216 2024-555555551001882 04/03/2021 04/03/2021 Books

National Library of Nigeria OPAC is powered by Koha